000 00754nam a2200253Ia 4500
003 OSt
005 20220928113555.0
006 a|||||r|||| 00| 0
007 ta
008 220927b |||||||| |||| 00| 0 eng d
020 _c225
024 _a107493
037 _b583, 04/03/2010, Pioneer Book Distributors
_cTextual
040 _aSDCL
_cSDCL
_beng
041 _2eng
_aeng
082 _aS1:94, P8
100 _aAdenwalla Maharukh
_9433909
245 0 _aChild sexual abuse and the law.
260 _aNew Delhi
_bHuman Right Law Network
_c2008
300 _avii,206p
_ccm.
650 _aPolitical Science
942 _hS1:94, P8
_cTEXL
_2CC
999 _c750310
_d750310